000 00895nam a2200289Ia 4500
003 OSt
005 20221007122933.0
006 a|||||r|||| 00| 0
007 ta
008 221006b |||||||| |||| 00| 0 eng d
020 _a9788130926742 (hbk)
024 _a192958
037 _b2973, 20/03/2015, Ashutosh Technical Books
_cTextual
040 _aPAPL
_cPAPL
_beng
041 _2eng
_aeng
082 _aCx, Q4 Carpa
100 _aSharma Ajay
_9715733
245 0 _aBeyond newton and archimedes
260 _aNew
_bDelhi Viva Books
_c2015
300 _axiv, 320p. ill.
_ccm.
500 _aIndex 317-320p.; Reprint 2015.
650 _a Archimedes
_9715734
650 _a Rising bodies
_9715735
650 _aElastic collisions
_9715736
942 _hCx, Q4 Carpa
_cTEXL
_2CC
999 _c1211132
_d1211132